The Beauty of Geometry Twelve Essays (Record no. 531029)
[ view plain ]
| 000 -LEADER | |
|---|---|
| fixed length control field | 00353nam a2200133Ia 4500 |
| 008 - FIXED-LENGTH DATA ELEMENTS--GENERAL INFORMATION | |
| fixed length control field | 191014s9999 xx 000 0 und d |
| 020 ## - INTERNATIONAL STANDARD BOOK NUMBER | |
| International Standard Book Number | 0-486-40919-8 |
| 082 ## - DEWEY DECIMAL CLASSIFICATION NUMBER | |
| Classification number | 516 |
| Author Mark | COX |
| 100 ## - MAIN ENTRY--PERSONAL NAME | |
| Personal name | H. S. M. Coxeter |
| 9 (RLIN) | 20443 |
| 245 #4 - TITLE STATEMENT | |
| Title | The Beauty of Geometry Twelve Essays |
| 260 ## - PUBLICATION, DISTRIBUTION, ETC. | |
| Place of publication, distribution, etc. | USA |
| Name of publisher, distributor, etc. | Dover Publications INC. |
| Date of publication, distribution, etc. | 1999 |
| 300 ## - PHYSICAL DESCRIPTION | |
| Extent | Ix,274 |
| 942 ## - ADDED ENTRY ELEMENTS (KOHA) | |
| Koha item type | Book |
| Withdrawn status | Lost status | Damaged status | Not for loan | Permanent Location | Current Location | Date acquired | Source of acquisition | Cost, normal purchase price | Total Checkouts | Full call number | Barcode | Date last seen | Price effective from | Koha item type |
|---|---|---|---|---|---|---|---|---|---|---|---|---|---|---|
| School of Natural Sciences (SNS) | School of Natural Sciences (SNS) | 10/15/2019 | Donation | 0.00 | 516COX | SNS0002806 | 10/15/2019 | 10/15/2019 | Book |
